000 00746nam a22001577a 4500
003 OSt
005 20150923144419.0
008 150923b xxu||||| |||| 00| 0 eng d
040 _cRUA
082 _aAGR SIN 2007 SIN B048 Or.1
100 _91192
_aSIN BOPHACHEAT
245 _aEfeect of growing media on growth on dendrobium sp. At royal university of agriculture,(ឥទ្ធិពលរបស់វត្ថុធាតុដើមដំាទៅលើការលូតលាស់របស់ផ្កាអ័រគីដេប្រភេទ Dendrobium sp. នៅសាកលវិទ្យាល័យភូមិន្ទកសិកម្ម)
260 _aphnom penh
_bRUA
_c2007
300 _axv, 61p.
_cill.
_g29cm.
942 _2ddc
_cAGR
999 _c1135
_d1135